[Event "Albert Boxer Classic op"]
[Site "Winnipeg CAN"]
[Date "2007.05.11"]
[Round "1"]
[White "Barkman, Daniel"]
[Black "Boron, Anthony"]
[Result "0-1"]
[WhiteElo "1559"]
[BlackElo "1999"]
[PlyCount "128"]
[GameId "2160767910684491"]
[EventDate "2007.05.11"]
[EventType "swiss"]
[EventRounds "5"]
[EventCountry "CAN"]
[SourceTitle "EXT 2019"]
[Source "ChessBase"]
[SourceDate "2018.10.10"]
[SourceVersion "1"]
[SourceVersionDate "2018.10.10"]
[SourceQuality "1"]

1. e4 c5 2. Nf3 Nc6 3. d4 cxd4 4. Nxd4 Nf6 5. Nc3 e6 6. Bc4 Bb4 7. f3 O-O 8. Bg5 h6 9. Bh4 Ne5 10. Bb3 Ng6 11. Bf2 d5 12. exd5 Nxd5 13. Bxd5 Qxd5 14. O-O Qg5 15. Ne4 Qe7 16. c3 Ba5 17. Qb3 Bb6 18. Nb5 Bxf2+ 19. Rxf2 a6 20. Nbd6 Rb8 21. Qb6 Bd7 22. Rd2 Bc6 23. Rad1 Nf4 24. Ng3 Nd5 25. Qc5 Ba4 26. Re1 Qf6 27. Rd4 Bc2 28. Nge4 Qg6 29. Re2 Bb1 30. Qc4 b5 31. Qb3 Nf4 32. Red2 Rfd8 33. Nc5 e5 34. Nf5 Re8 35. Nxh6+ Qxh6 36. Rd7 Bg6 37. R2d6 Qg5 38. g3 Ne6 39. Nxe6 Rxe6 40. Rxe6 fxe6 41. Qxe6+ Kh7 42. Qe7 Qe3+ 43. Kg2 Qe2+ 44. Kg1 Qe3+ 45. Kg2 Rg8 46. Qh4+ Qh6 47. Qxh6+ Kxh6 48. Re7 Re8 49. Rxe8 Bxe8 50. h4 g5 51. hxg5+ Kxg5 52. Kf2 Bc6 53. Ke3 Kf5 54. f4 e4 55. Kf2 Kg4 56. Ke3 Kf5 57. Kf2 Be8 58. b3 Bf7 59. Ke3 Bd5 60. Kd4 Kg4 61. Ke3 Kxg3 62. f5 Kg4 63. f6 Kf5 64. f7 Bxf7 0-1

[Event "Albert Boxer Classic op"]
[Site "Winnipeg CAN"]
[Date "2007.05.11"]
[Round "1"]
[White "Crawford, Gary"]
[Black "Cleto, Sam"]
[Result "0-1"]
[WhiteElo "1310"]
[BlackElo "1880"]
[PlyCount "95"]
[GameId "2160767910684492"]
[EventDate "2007.05.11"]
[EventType "swiss"]
[EventRounds "5"]
[EventCountry "CAN"]
[SourceTitle "EXT 2019"]
[Source "ChessBase"]
[SourceDate "2018.10.10"]
[SourceVersion "1"]
[SourceVersionDate "2018.10.10"]
[SourceQuality "1"]

1. e4 Nf6 2. Nc3 d6 3. h3 e5 4. Nf3 Be7 5. Bc4 c6 6. d4 Qc7 7. dxe5 dxe5 8. Bg5 O-O 9. O-O Nbd7 10. Qd2 b5 11. Bb3 a5 12. a3 Ba6 13. Rfe1 b4 14. Nb1 Nc5 15. Bxf6 Bxf6 16. Ba2 Rad8 17. Qe3 Be7 18. axb4 axb4 19. Nbd2 Bb5 20. Nc4 Nd7 21. c3 c5 22. cxb4 cxb4 23. Rac1 Qb8 24. Red1 Bc5 25. Qd2 Nf6 26. Qc2 Rxd1+ 27. Rxd1 Bxc4 28. Qxc4 Be7 29. Ng5 Qe8 30. Nf3 Qa4 31. Bb3 Qa7 32. Nxe5 Bc5 33. Rd2 h6 34. g4 Qc7 35. Rc2 Bxf2+ 36. Rxf2 Qxe5 37. Rf5 Qg3+ 38. Kf1 Qxh3+ 39. Ke1 Qh1+ 40. Rf1 Qh4+ 41. Ke2 Qxg4+ 42. Ke3 Qg3+ 43. Ke2 Qg4+ 44. Ke3 Qg5+ 45. Ke2 Qh5+ 46. Ke1 Re8 47. Rf5 Qh1+ 48. Rf1 0-1

[Event "Albert Boxer Classic op"]
[Site "Winnipeg CAN"]
[Date "2007.05.11"]
[Round "1"]
[White "Gannon, Keith"]
[Black "Vlaovic, George"]
[Result "0-1"]
[WhiteElo "1657"]
[BlackElo "2219"]
[PlyCount "114"]
[GameId "2160767910684494"]
[EventDate "2007.05.11"]
[EventType "swiss"]
[EventRounds "5"]
[EventCountry "CAN"]
[SourceTitle "EXT 2019"]
[Source "ChessBase"]
[SourceDate "2018.10.10"]
[SourceVersion "1"]
[SourceVersionDate "2018.10.10"]
[SourceQuality "1"]

1. e4 c5 2. Nf3 b6 3. d4 cxd4 4. Nxd4 Bb7 5. Nc3 a6 6. a4 e6 7. Bd2 Qc7 8. Bd3 Bd6 9. h3 Ne7 10. O-O Ng6 11. Nce2 Nc6 12. Nxc6 Bxc6 13. Bc3 O-O 14. Nd4 Bb7 15. Ne2 Rac8 16. Qd2 Rfd8 17. Rab1 Qb8 18. Bd4 Bc5 19. b4 Bxd4 20. Nxd4 d5 21. exd5 Bxd5 22. Bxa6 Bxg2 23. Bxc8 Bxf1 24. Rxf1 Qxc8 25. Qe3 Qc4 26. Nb5 Rd5 27. f4 Qxb4 28. Qxb6 h6 29. Qb8+ Kh7 30. Qa7 Nxf4 31. Qe3 g5 32. Re1 Nxh3+ 33. Kh2 Qh4 34. Qe4+ Qxe4 35. Rxe4 Nf4 36. c4 Rd2+ 37. Kg3 h5 38. c5 h4+ 39. Kf3 Rc2 40. Nd6 Rc3+ 41. Re3 Rxe3+ 42. Kxe3 h3 43. c6 h2 44. c7 Nd5+ 45. Kf2 h1=Q 46. c8=Q Qh2+ 47. Ke1 Qe5+ 48. Kf1 Qxd6 49. Qc2+ Kg8 50. Qc8+ Kg7 51. Qa8 Nb6 52. Qa6 Qf4+ 53. Kg2 Nxa4 54. Qd3 g4 55. Qb1 Qf3+ 56. Kg1 Nc3 57. Qb2 e5 0-1

[Event "Albert Boxer Classic op"]
[Site "Winnipeg CAN"]
[Date "2007.05.11"]
[Round "1"]
[White "Gentes, Kevin"]
[Black "Wiebe, Daniel"]
[Result "1-0"]
[WhiteElo "2274"]
[BlackElo "1664"]
[PlyCount "21"]
[GameId "2160767910684495"]
[EventDate "2007.05.11"]
[EventType "swiss"]
[EventRounds "5"]
[EventCountry "CAN"]
[SourceTitle "EXT 2019"]
[Source "ChessBase"]
[SourceDate "2018.10.10"]
[SourceVersion "1"]
[SourceVersionDate "2018.10.10"]
[SourceQuality "1"]

1. d4 Nf6 2. c4 e6 3. g3 d5 4. Bg2 c5 5. Nf3 Nc6 6. cxd5 Nxd5 7. O-O Be7 8. Nc3 cxd4 9. Nxd5 Qxd5 10. Nxd4 Qxd4 11. Bxc6+ 1-0

[Event "Albert Boxer Classic op"]
[Site "Winnipeg CAN"]
[Date "2007.05.11"]
[Round "1"]
[White "Kaptsan, Aron"]
[Black "Goodman, Clifford"]
[Result "1-0"]
[WhiteElo "2041"]
[BlackElo "1598"]
[PlyCount "27"]
[GameId "2160767910684496"]
[EventDate "2007.05.11"]
[EventType "swiss"]
[EventRounds "5"]
[EventCountry "CAN"]
[SourceTitle "EXT 2019"]
[Source "ChessBase"]
[SourceDate "2018.10.10"]
[SourceVersion "1"]
[SourceVersionDate "2018.10.10"]
[SourceQuality "1"]

1. e4 c6 2. d4 d5 3. Nc3 dxe4 4. Nxe4 Bf5 5. Ng3 Bg6 6. Bc4 e6 7. Nf3 Nd7 8. O-O Bd6 9. Qe2 Qb6 10. Re1 Ne7 11. Bb3 O-O 12. Bxe6 fxe6 13. Qxe6+ Kh8 14. Qxd6 1-0

[Event "Albert Boxer Classic op"]
[Site "Winnipeg CAN"]
[Date "2007.05.11"]
[Round "1"]
[White "Kwiatek, Jordan"]
[Black "Campbell, Jamie"]
[Result "1/2-1/2"]
[WhiteElo "1956"]
[BlackElo "1520"]
[PlyCount "63"]
[GameId "2160767910684497"]
[EventDate "2007.05.11"]
[EventType "swiss"]
[EventRounds "5"]
[EventCountry "CAN"]
[SourceTitle "EXT 2019"]
[Source "ChessBase"]
[SourceDate "2018.10.10"]
[SourceVersion "1"]
[SourceVersionDate "2018.10.10"]
[SourceQuality "1"]

1. d4 Nf6 2. c4 e5 3. dxe5 Ne4 4. Nf3 Bb4+ 5. Nbd2 Nc6 6. a3 Bxd2+ 7. Bxd2 Nxd2 8. Qxd2 O-O 9. g3 Re8 10. Bg2 Nxe5 11. Nxe5 Rxe5 12. O-O Qe7 13. e4 d6 14. f4 Rh5 15. Rae1 Bh3 16. Bxh3 Rxh3 17. Qg2 Rh6 18. e5 c6 19. Qf2 Qe6 20. exd6 Qxd6 21. Rd1 Qe7 22. Rfe1 Re6 23. Rxe6 fxe6 24. Re1 b6 25. Qf3 Qc5+ 26. Qe3 Qxe3+ 27. Rxe3 Kf7 28. Kf2 Rd8 29. Ke2 Kf6 30. Re5 c5 31. h4 Rd4 32. b3 1/2-1/2

[Event "Albert Boxer Classic op"]
[Site "Winnipeg CAN"]
[Date "2007.05.11"]
[Round "1"]
[White "Lipic, Stephen"]
[Black "Khedkar, Jay S"]
[Result "1/2-1/2"]
[WhiteElo "1646"]
[BlackElo "2063"]
[PlyCount "41"]
[GameId "2160767910684498"]
[EventDate "2007.05.11"]
[EventType "swiss"]
[EventRounds "5"]
[EventCountry "CAN"]
[SourceTitle "EXT 2019"]
[Source "ChessBase"]
[SourceDate "2018.10.10"]
[SourceVersion "1"]
[SourceVersionDate "2018.10.10"]
[SourceQuality "1"]

1. f4 g6 2. Nf3 Bg7 3. e4 c5 4. Nc3 Nc6 5. Bb5 Nd4 6. O-O Qb6 7. Bc4 e6 8. Kh1 Qb4 9. d3 b5 10. a3 Qa5 11. Ba2 Ne7 12. Nxd4 cxd4 13. Ne2 Bb7 14. b4 Qb6 15. Qe1 d5 16. e5 Nf5 17. Bb3 Ne3 18. Bxe3 dxe3 19. d4 a5 20. c3 axb4 21. axb4 1/2-1/2

[Event "Albert Boxer Classic op"]
[Site "Winnipeg CAN"]
[Date "2007.05.11"]
[Round "1"]
[White "Morin, Barry"]
[Black "Atem, James"]
[Result "0-1"]
[WhiteElo "1207"]
[BlackElo "1715"]
[PlyCount "102"]
[GameId "2160767910684499"]
[EventDate "2007.05.11"]
[EventType "swiss"]
[EventRounds "5"]
[EventCountry "CAN"]
[SourceTitle "EXT 2019"]
[Source "ChessBase"]
[SourceDate "2018.10.10"]
[SourceVersion "1"]
[SourceVersionDate "2018.10.10"]
[SourceQuality "1"]

1. e4 g6 2. Nf3 a5 3. d4 Bg7 4. Bc4 Nc6 5. O-O d6 6. Nc3 Nf6 7. Bg5 O-O 8. h3 Na7 9. Re1 c6 10. Qe2 b5 11. Bd3 Qc7 12. a3 Re8 13. Rad1 Nd7 14. Bf4 e5 15. dxe5 Nxe5 16. Nxe5 dxe5 17. Be3 Be6 18. Bc5 Nc8 19. Qe3 Bf8 20. Bxf8 Rxf8 21. Qc5 Qd6 22. Qe3 Qe7 23. Qh6 Qf6 24. Re3 Ne7 25. Rf3 Qg7 26. Qg5 f6 27. Qe3 Rad8 28. Qc5 Rd7 29. Be2 Rxd1+ 30. Bxd1 Rd8 31. Rd3 Rxd3 32. cxd3 Kf7 33. b4 a4 34. Ne2 Qh6 35. d4 Qd2 36. Qc2 Qe1+ 37. Kh2 Bb3 38. Qc1 Qxd1 39. Qxd1 Bxd1 40. Nc3 Bb3 41. dxe5 fxe5 42. Kg3 Ke6 43. Kg4 h6 44. f4 Bc4 45. h4 Kf6 46. h5 Be6+ 47. Kf3 gxh5 48. f5 Bc4 49. g4 h4 50. Kg2 Kg5 51. Nb1 Kxg4 0-1

[Event "Albert Boxer Classic op"]
[Site "Winnipeg CAN"]
[Date "2007.05.11"]
[Round "1"]
[White "Silva, T Romero"]
[Black "Gibbons, Lorne"]
[Result "1-0"]
[WhiteElo "1852"]
[BlackElo "1308"]
[PlyCount "147"]
[GameId "2160767910684500"]
[EventDate "2007.05.11"]
[EventType "swiss"]
[EventRounds "5"]
[EventCountry "CAN"]
[SourceTitle "EXT 2019"]
[Source "ChessBase"]
[SourceDate "2018.10.10"]
[SourceVersion "1"]
[SourceVersionDate "2018.10.10"]
[SourceQuality "1"]

1. e4 c5 2. Nf3 Nc6 3. Bb5 Qb6 4. Nc3 e5 5. Bxc6 bxc6 6. Na4 Qb4 7. Nc3 d6 8. O-O Bg4 9. h3 Bh5 10. d3 Nf6 11. Re1 Be7 12. Re3 O-O 13. a3 Qb7 14. b3 Qd7 15. Ne2 Ne8 16. Ng3 Bg6 17. Re1 h6 18. Be3 Nc7 19. a4 Qe6 20. Nd2 d5 21. exd5 cxd5 22. Nf3 d4 23. Bd2 Bd6 24. b4 f6 25. b5 c4 26. Nh4 Bh7 27. Ne4 Be7 28. Ba5 Rac8 29. Nf3 Bxe4 30. Rxe4 Bc5 31. Qe1 Rfe8 32. Bb4 Bxb4 33. Qxb4 Nd5 34. Qa5 Qd7 35. Rae1 Nc3 36. Rg4 Qc7 37. Qa6 Qb6 38. Qxb6 axb6 39. dxc4 Rxc4 40. Rxd4 exd4 41. Rxe8+ Kf7 42. Rd8 Nxa4 43. Rxd4 Rxd4 44. Nxd4 Ke7 45. Kf1 Kd6 46. Nf5+ Kc5 47. Nxg7 Kxb5 48. Ke1 Kc4 49. Kd2 Nc5 50. f3 b5 51. Nf5 h5 52. Ng7 h4 53. Nf5 Ne6 54. Nxh4 b4 55. Ng6 f5 56. g3 Nd4 57. Ne5+ Kd5 58. f4 Ke4 59. h4 Ne6 60. h5 Nf8 61. Ke2 Kd4 62. h6 Kc3 63. Kd1 Kd4 64. Kd2 Ke4 65. Ke2 Nh7 66. Nf3 Nf8 67. Ng5+ Kd4 68. h7 Ng6 69. Nf7 Kc4 70. h8=Q Nxh8 71. Nxh8 Kc3 72. Kd1 Kd4 73. Nf7 Ke3 74. Nh6 1-0

[Event "Albert Boxer Classic op"]
[Site "Winnipeg CAN"]
[Date "2007.05.11"]
[Round "1"]
[White "Tang, Edward"]
[Black "Liu, Weixi"]
[Result "0-1"]
[WhiteElo "2087"]
[BlackElo "1654"]
[PlyCount "77"]
[GameId "2160767910684501"]
[EventDate "2007.05.11"]
[EventType "swiss"]
[EventRounds "5"]
[EventCountry "CAN"]
[SourceTitle "EXT 2019"]
[Source "ChessBase"]
[SourceDate "2018.10.10"]
[SourceVersion "1"]
[SourceVersionDate "2018.10.10"]
[SourceQuality "1"]

1. d4 d5 2. c4 c6 3. cxd5 cxd5 4. Nc3 Nf6 5. Nf3 e6 6. Bf4 Bb4 7. Qa4+ Nc6 8. Ne5 Bd7 9. Nxc6 Bxc3+ 10. bxc3 Bxc6 11. Qa3 Bb5 12. Rb1 Ba6 13. Qa4+ Qd7 14. Qxd7+ Nxd7 15. e3 Bxf1 16. Rxf1 b6 17. Kd2 O-O 18. f3 Rad8 19. Rb3 f6 20. Rfb1 Ra8 21. Ra3 a6 22. Rab3 Rfc8 23. Bg3 Rc6 24. Ra3 b5 25. Rxb5 Nb6 26. Rb4 a5 27. Rxb6 Rxb6 28. Rb3 Rxb3 29. axb3 a4 30. Kc2 a3 31. Kb1 a2+ 32. Ka1 Kf7 33. e4 Ke7 34. exd5 exd5 35. c4 Ke6 36. Bf2 dxc4 37. bxc4 Ra4 38. c5 Kd5 39. Bg1 0-1

[Event "Albert Boxer Classic op"]
[Site "Winnipeg CAN"]
[Date "2007.05.12"]
[Round "2"]
[White "Atem, James"]
[Black "Kaptsan, Aron"]
[Result "0-1"]
[WhiteElo "1715"]
[BlackElo "2041"]
[PlyCount "106"]
[GameId "2160767910684502"]
[EventDate "2007.05.11"]
[EventType "swiss"]
[EventRounds "5"]
[EventCountry "CAN"]
[SourceTitle "EXT 2019"]
[Source "ChessBase"]
[SourceDate "2018.10.10"]
[SourceVersion "1"]
[SourceVersionDate "2018.10.10"]
[SourceQuality "1"]

1. e4 e5 2. Nf3 Nc6 3. Bb5 a6 4. Bxc6 dxc6 5. Nxe5 Qd4 6. f4 Qxe4+ 7. Kf1 Qxf4+ 8. Nf3 Bg4 9. Nc3 O-O-O 10. d3 Qf5 11. h3 Bxf3 12. Qxf3 Qxf3+ 13. gxf3 Nf6 14. Bg5 Be7 15. Re1 Rhe8 16. Kg2 Nd5 17. Bxe7 Rxe7 18. Nxd5 Rxe1 19. Rxe1 cxd5 20. Re7 Rf8 21. d4 Kd8 22. Re5 c6 23. f4 Re8 24. Kf3 Kd7 25. Rg5 g6 26. Re5 f6 27. Rxe8 Kxe8 28. Kg4 Kf8 29. f5 Kg7 30. h4 Kh6 31. b3 gxf5+ 32. Kxf5 Kh5 33. c4 Kxh4 34. Kxf6 Kg4 35. cxd5 cxd5 36. Ke5 h5 37. Kxd5 h4 38. Ke6 h3 39. d5 h2 40. d6 h1=Q 41. d7 Qh4 42. Kd6 Qd8 43. b4 Kf5 44. a4 Kf6 45. a5 Qb8+ 46. Kc5 Qc7+ 47. Kd5 Qxd7+ 48. Kc4 Qb5+ 49. Kb3 Ke5 50. Kc3 Ke4 51. Kb3 Kd3 52. Ka3 Kc2 53. Ka2 Qa4# 0-1

[Event "Albert Boxer Classic op"]
[Site "Winnipeg CAN"]
[Date "2007.05.12"]
[Round "2"]
[White "Barkman, Daniel"]
[Black "Curtis, Rory"]
[Result "1-0"]
[WhiteElo "1559"]
[BlackElo "1665"]
[PlyCount "51"]
[GameId "2160767910684503"]
[EventDate "2007.05.11"]
[EventType "swiss"]
[EventRounds "5"]
[EventCountry "CAN"]
[SourceTitle "EXT 2019"]
[Source "ChessBase"]
[SourceDate "2018.10.10"]
[SourceVersion "1"]
[SourceVersionDate "2018.10.10"]
[SourceQuality "1"]

1. e4 e5 2. Bc4 Nc6 3. Nf3 Bc5 4. O-O Nf6 5. c3 a6 6. d4 exd4 7. cxd4 Ba7 8. Nc3 O-O 9. Bg5 h6 10. Bh4 g5 11. Bg3 Nh5 12. Kh1 Nxg3+ 13. fxg3 d6 14. Nd5 b5 15. Bb3 Bg4 16. h3 Bxf3 17. Qxf3 Bxd4 18. Rac1 Qd7 19. Rxc6 Rac8 20. Nf6+ Bxf6 21. Qxf6 Qxc6 22. Bxf7+ Rxf7 23. Qxf7+ Kh8 24. Rf6 Qc1+ 25. Kh2 g4 26. Rg6 1-0

[Event "Albert Boxer Classic op"]
[Site "Winnipeg CAN"]
[Date "2007.05.12"]
[Round "2"]
[White "Cleto, Sam"]
[Black "Gentes, Kevin"]
[Result "0-1"]
[WhiteElo "1880"]
[BlackElo "2274"]
[PlyCount "62"]
[GameId "2160767910684504"]
[EventDate "2007.05.11"]
[EventType "swiss"]
[EventRounds "5"]
[EventCountry "CAN"]
[SourceTitle "EXT 2019"]
[Source "ChessBase"]
[SourceDate "2018.10.10"]
[SourceVersion "1"]
[SourceVersionDate "2018.10.10"]
[SourceQuality "1"]

1. Nf3 Nf6 2. c4 g6 3. Nc3 Bg7 4. e4 O-O 5. e5 Ng4 6. d4 c5 7. h3 cxd4 8. hxg4 dxc3 9. bxc3 Qa5 10. Qc2 Nc6 11. Bd2 Nxe5 12. Nxe5 Qxe5+ 13. Be2 d6 14. f4 Qc5 15. Rb1 Bd7 16. Qd3 f5 17. Qh3 fxg4 18. Qxh7+ Kf7 19. f5 Qxf5 20. Rf1 Rh8 21. Rxf5+ Bxf5 22. Qxh8 Rxh8 23. Rxb7 Rh1+ 24. Kf2 Bf6 25. Be3 Bh4+ 26. g3 Rh2+ 27. Kf1 Be4 28. Rxa7 Bxg3 29. c5 Rh1+ 30. Bg1 Bh2 31. Bc4+ d5 0-1

[Event "Albert Boxer Classic op"]
[Site "Winnipeg CAN"]
[Date "2007.05.12"]
[Round "2"]
[White "Gibbons, Lorne"]
[Black "Gannon, Keith"]
[Result "0-1"]
[WhiteElo "1308"]
[BlackElo "1657"]
[PlyCount "166"]
[GameId "2160767910684505"]
[EventDate "2007.05.11"]
[EventType "swiss"]
[EventRounds "5"]
[EventCountry "CAN"]
[SourceTitle "EXT 2019"]
[Source "ChessBase"]
[SourceDate "2018.10.10"]
[SourceVersion "1"]
[SourceVersionDate "2018.10.10"]
[SourceQuality "1"]

1. d4 d5 2. c4 e6 3. Nf3 Nf6 4. Bf4 Nbd7 5. e3 Bb4+ 6. Nbd2 Ne4 7. a3 Nxd2 8. Nxd2 Be7 9. Qc2 c5 10. cxd5 exd5 11. dxc5 Nxc5 12. b4 Ne6 13. Bg3 Bd7 14. Be2 O-O 15. O-O Rc8 16. Qd3 Ba4 17. Rfc1 Rxc1+ 18. Rxc1 a6 19. Bf3 Bc6 20. Nb3 Qd7 21. Na5 Rc8 22. Rd1 Rd8 23. Nxc6 Qxc6 24. Bxd5 Qc8 25. Qb3 h6 26. e4 g6 27. Be5 Kh7 28. g3 Rf8 29. f4 a5 30. f5 Nc7 31. Rc1 Bd8 32. Qc3 axb4 33. Qxb4 Kg8 34. fxg6 Nxd5 35. Rxc8 Nxb4 36. gxf7+ Kxf7 37. axb4 Bb6+ 38. Rc5 Bxc5+ 39. bxc5 Re8 40. Bf4 Rxe4 41. Bxh6 Re5 42. Kf2 Rxc5 43. Ke3 Rh5 44. Bf4 Rxh2 45. Kd4 Rh5 46. Kc4 Rf5 47. Kd4 Ke6 48. Kc4 b5+ 49. Kb4 Kd7 50. Ka5 Kc6 51. Kb4 Rd5 52. Be3 Rd3 53. Bf4 Rd4+ 54. Kc3 Kd5 55. Kb3 Rc4 56. Kb2 Ke4 57. Kb3 Kd3 58. Be5 Re4 59. Bf4 Re1 60. Kb2 Kc4 61. Kc2 Re2+ 62. Kd1 Rg2 63. Ke1 b4 64. Be5 b3 65. Kf1 Rc2 66. g4 Kd5 67. Bf6 Ke6 68. g5 b2 69. Bxb2 Rxb2 70. g6 Kf6 71. g7 Kxg7 72. Ke1 Kf6 73. Kd1 Ke5 74. Kc1 Rh2 75. Kd1 Ke4 76. Ke1 Kf3 77. Kd1 Re2 78. Kc1 Ke3 79. Kd1 Kd3 80. Kc1 Rd2 81. Kb1 Rc2 82. Ka1 Kc3 83. Kb1 Kb3 0-1

[Event "Albert Boxer Classic op"]
[Site "Winnipeg CAN"]
[Date "2007.05.12"]
[Round "2"]
[White "Goodman, Clifford"]
[Black "Morin, Barry"]
[Result "1-0"]
[WhiteElo "1598"]
[BlackElo "1207"]
[PlyCount "87"]
[GameId "2160767910684506"]
[EventDate "2007.05.11"]
[EventType "swiss"]
[EventRounds "5"]
[EventCountry "CAN"]
[SourceTitle "EXT 2019"]
[Source "ChessBase"]
[SourceDate "2018.10.10"]
[SourceVersion "1"]
[SourceVersionDate "2018.10.10"]
[SourceQuality "1"]

1. e4 c5 2. Nf3 Nc6 3. d4 cxd4 4. Nxd4 e6 5. Be3 Nf6 6. f3 Bb4+ 7. c3 Ba5 8. Nxc6 bxc6 9. Bg5 d6 10. Na3 Qe7 11. Nc4 Bc7 12. Qa4 Bd7 13. Na5 Bxa5 14. Qxa5 O-O 15. Be2 e5 16. Rd1 Qe6 17. Bxf6 Qxf6 18. Qc7 Be6 19. Qxc6 Bxa2 20. Rxd6 Qh4+ 21. g3 Qe7 22. Rd7 Qe8 23. Qc7 Be6 24. Re7 Qa4 25. O-O Qc2 26. Rf2 Bh3 27. Bf1 Qc1 28. Rxe5 Rfd8 29. Rd5 Rxd5 30. exd5 Bxf1 31. Rxf1 Qxb2 32. d6 Qb6+ 33. Qxb6 axb6 34. Rb1 Rb8 35. d7 Kf8 36. Rxb6 Rd8 37. Rb7 Ke7 38. Kf2 f5 39. Ke3 g5 40. Kd4 Rxd7+ 41. Rxd7+ Kxd7 42. Ke5 f4 43. gxf4 gxf4 44. Kxf4 1-0

[Event "Albert Boxer Classic op"]
[Site "Winnipeg CAN"]
[Date "2007.05.12"]
[Round "2"]
[White "Khedkar, Jay S"]
[Black "Joven, Perfecto"]
[Result "0-1"]
[WhiteElo "2063"]
[BlackElo "1831"]
[PlyCount "50"]
[GameId "2160767910684507"]
[EventDate "2007.05.11"]
[EventType "swiss"]
[EventRounds "5"]
[EventCountry "CAN"]
[SourceTitle "EXT 2019"]
[Source "ChessBase"]
[SourceDate "2018.10.10"]
[SourceVersion "1"]
[SourceVersionDate "2018.10.10"]
[SourceQuality "1"]

1. e4 e5 2. f4 exf4 3. Nf3 d6 4. d4 g5 5. h4 g4 6. Ng1 Qf6 7. Ne2 f3 8. Nf4 Bh6 9. g3 Ne7 10. Nc3 c6 11. Be3 Ng6 12. Nh5 f2+ 13. Bxf2 Qe7 14. Be2 O-O 15. O-O Kh8 16. Kh2 Rg8 17. e5 dxe5 18. dxe5 Rd8 19. Bd4 Be3 20. Rxf7 Qxf7 21. e6+ Rxd4 22. exf7 Rxd1 23. Rxd1 Nd7 24. Ne4 Bb6 25. Nd6 Ndf8 0-1

[Event "Albert Boxer Classic op"]
[Site "Winnipeg CAN"]
[Date "2007.05.12"]
[Round "2"]
[White "Lipic, Stephen"]
[Black "Kwiatek, Jordan"]
[Result "1-0"]
[WhiteElo "1646"]
[BlackElo "1956"]
[PlyCount "93"]
[GameId "2160767910684508"]
[EventDate "2007.05.11"]
[EventType "swiss"]
[EventRounds "5"]
[EventCountry "CAN"]
[SourceTitle "EXT 2019"]
[Source "ChessBase"]
[SourceDate "2018.10.10"]
[SourceVersion "1"]
[SourceVersionDate "2018.10.10"]
[SourceQuality "1"]

1. e4 c5 2. Nc3 d6 3. f4 Nc6 4. Bb5 g6 5. Nf3 Bg7 6. O-O e5 7. fxe5 dxe5 8. d3 Nge7 9. Bg5 Be6 10. Bxc6+ bxc6 11. b3 Qa5 12. Na4 f6 13. Be3 c4 14. Bd2 Qb5 15. Nc3 Qc5+ 16. Kh1 cxd3 17. cxd3 Rd8 18. Rc1 Rxd3 19. Nd5 Qd6 20. Nxe7 Kxe7 21. Qc2 Rc8 22. Bb4 Qxb4 23. Qxd3 Bh6 24. Rc2 Bf4 25. g3 Bh6 26. Rcf2 f5 27. Nxe5 fxe4 28. Qa6 Qc5 29. Qb7+ Ke8 30. Nc4 e3 31. Re2 Qd5+ 32. Kg1 Qd3 33. Rfe1 Qd7 34. Qxc8+ Qxc8 35. Nd6+ Kd8 36. Nxc8 Bxc8 37. Rxe3 Bg5 38. Re8+ Kc7 39. R8e7+ Kb6 40. Rxh7 Bd2 41. Ree7 a5 42. Kg2 Bf5 43. h3 Kc5 44. Rh4 Bb1 45. Rg4 Kb5 46. a3 Ba2 47. Re2 1-0

[Event "Albert Boxer Classic op"]
[Site "Winnipeg CAN"]
[Date "2007.05.12"]
[Round "2"]
[White "Lipnowski, Samuel"]
[Black "Boron, Anthony"]
[Result "1-0"]
[WhiteElo "2276"]
[BlackElo "1999"]
[PlyCount "137"]
[GameId "2160767910684509"]
[EventDate "2007.05.11"]
[EventType "swiss"]
[EventRounds "5"]
[EventCountry "CAN"]
[SourceTitle "EXT 2019"]
[Source "ChessBase"]
[SourceDate "2018.10.10"]
[SourceVersion "1"]
[SourceVersionDate "2018.10.10"]
[SourceQuality "1"]

1. e4 c5 2. Nf3 Nc6 3. Bb5 Na5 4. Be2 a6 5. O-O d6 6. d4 cxd4 7. Nxd4 Nf6 8. Nc3 e5 9. Nb3 Be6 10. Nxa5 Qxa5 11. Bg5 Be7 12. Bxf6 Bxf6 13. Bg4 Rd8 14. Bxe6 fxe6 15. Qh5+ Ke7 16. Rae1 b5 17. a3 b4 18. axb4 Qxb4 19. Nd1 Rd7 20. Re3 Rc7 21. Qe2 Qc4 22. Qxc4 Rxc4 23. Re2 Rb8 24. b3 Rc5 25. Ne3 d5 26. Rd1 d4 27. Nc4 g5 28. Red2 Rb7 29. Kf1 Rbc7 30. Ra1 R7c6 31. Ke2 Kf7 32. Kd3 Rb5 33. Rdd1 Bd8 34. Ra4 Kf6 35. Rda1 a5 36. Nxa5 Rc3+ 37. Kd2 Be7 38. Kd1 d3 39. cxd3 Rxd3+ 40. Kc2 Rd7 41. Nc6 Rdb7 42. Nxe7 Kxe7 43. Rb1 Kd6 44. Rc4 Ra7 45. Rd1+ Ke7 46. Kb2 Rba5 47. Kc3 Ra2 48. Rd2 Ra1 49. Rb2 Rd7 50. Rc2 Rad1 51. Kb2 R1d4 52. f3 Kf6 53. Rc7 h5 54. Rxd7 Rxd7 55. b4 g4 56. fxg4 hxg4 57. Kb3 Rd3+ 58. Rc3 Rd4 59. b5 Rd6 60. Rg3 Kg5 61. h3 Kf4 62. Rxg4+ Ke3 63. Kc4 Rd1 64. Kc5 Rd8 65. b6 Rc8+ 66. Kd6 Kd4 67. b7 Re8 68. Kc7 Re7+ 69. Kb6 1-0

[Event "Albert Boxer Classic op"]
[Site "Winnipeg CAN"]
[Date "2007.05.12"]
[Round "2"]
[White "Liu, Weixi"]
[Black "Oberton, Daniel"]
[Result "0-1"]
[WhiteElo "1654"]
[BlackElo "2022"]
[PlyCount "72"]
[GameId "2160767910684510"]
[EventDate "2007.05.11"]
[EventType "swiss"]
[EventRounds "5"]
[EventCountry "CAN"]
[SourceTitle "EXT 2019"]
[Source "ChessBase"]
[SourceDate "2018.10.10"]
[SourceVersion "1"]
[SourceVersionDate "2018.10.10"]
[SourceQuality "1"]

1. d4 Nf6 2. c4 g6 3. Nc3 Bg7 4. e4 d6 5. Be3 O-O 6. f3 e5 7. d5 Nbd7 8. Qd2 a5 9. Nge2 Nc5 10. g4 Qe7 11. Ng3 Rd8 12. Be2 c6 13. h4 cxd5 14. Nxd5 Nxd5 15. cxd5 b6 16. h5 Bd7 17. hxg6 fxg6 18. O-O-O Rdc8 19. Kb1 b5 20. Rh2 b4 21. Rdh1 Bh8 22. Bxc5 Rxc5 23. Qh6 Rac8 24. Bd3 Rf8 25. Be2 Rf7 26. g5 Rg7 27. Nf5 Qe8 28. Ne3 b3 29. a3 Qc8 30. Bd3 Qf8 31. Be2 Qf4 32. Nc4 Bb5 33. Nxd6 Bxe2 34. Ne8 Bd3+ 35. Rc2 Rxc2 36. Nf6+ Kf7 0-1